000 00850nam a2200229 a 4500
001 000018605
005 20250210113909.0
008 100512s2010 dr r 000 0 spa d
040 _aDO-SdBNP
_bspa
_cBNPHU
082 _a341
_bA696m, 2010
100 1 _aArias, Luis,
_q(Arias Núñez)
_99356
245 1 0 _aManual de derecho internacional privado /
_cLuis Arias Núñez ; prólogo Bienvenido Mejía Mejía.
250 _a5a ed.
260 _aSanto Domingo :
_bCentenario,
_c2010.
300 _a520 p. ;
_c23 cm.
504 _aIncluye referencias bibliográficas y notas al pie de las páginas
590 _aInventariado, 2018/BT
650 4 _aDerecho internacional privado
_zRepública Dominicana
_98603
650 0 _aConflicto de Leyes
_940212
700 1 2 _aMejía Mejía, Bienvenido,
_epról.
_910415
910 _aValidado. Control de calidad. MFF
999 _c18125
_d18125